000 00462nam a22001457a 4500
003 macl
005 20201206125421.0
008 201206b xxu||||| |||| 00| 0 eng d
040 _cmacl
082 _a891.433/TRI/N
100 _aत्रिपाठी , पं० त्रिवेणी
_980714
245 _aसमस्‍या पूर्ति
260 _aओ‍डिशा
_bशबनम पुस्‍तक महल
_c2016
942 _2ddc
_cHIN
999 _c63986
_d63986